The Celenatic experience: (Record no. 191662)

MARC details
000 -LEADER
fixed length control field 00634nam a22002057a 4500
005 - DATE AND TIME OF LATEST TRANSACTION
control field 20220831120155.0
010 ## - LCCN (DPL NO)
LC control number ENG-134825
020 ## - INTERNATIONAL STANDARD BOOK NUMBER
Terms of availability 1000.00
International Standard Book Number 8193623509
035 ## - SYSTEM CONTROL NUMBER
System control number EN-118357
037 ## - SOURCE OF ACQUISITION
Source of stock number/acquisition DBAD/PUB
082 ## - DEWEY DECIMAL CLASSIFICATION NUMBER
Classification number 780
100 ## - MAIN ENTRY--PERSONAL NAME
Personal name Shruti
245 ## - TITLE STATEMENT
Title The Celenatic experience:
Remainder of title Celebrating 225 years legacy of Sri Muthuswamy Deekshitar/
Statement of responsibility, etc Shruti and Sahana
250 ## - EDITION STATEMENT
Edition statement
260 ## - PUBLICATION, DISTRIBUTION, ETC. (IMPRINT)
Place of publication, distribution, etc Chennai
Name of publisher, distributor, etc Open Mind Music Management P Ltd.
Date of publication, distribution, etc 2017
270 ## - ADDRESS
City Chennai
Address 1,VGN,Street ,Devaraj Nagar , Saligramam
Postal code 600093
300 ## - PHYSICAL DESCRIPTION
Extent 112p.
Dimensions 24cm(hb)
700 ## - ADDED ENTRY--PERSONAL NAME
Personal name Sahana
942 ## - ADDED ENTRY ELEMENTS (KOHA)
Source of classification or shelving scheme Dewey Decimal Classification
Item type English Books
Classification part 780
Call number suffix SHR
Holdings
Withdrawn status Lost status Not for loan Collection code Home library Current library Date acquired Source of acquisition Cost, normal purchase price Full call number Barcode Copy number Cost, replacement price Koha item type
    Not For Loan Reference Ashok Vihar Ashok Vihar 31/08/2022 DBAD/PUB 1000.00 780 SHR EN-118357 1 1000.00 English Books

© Delhi Public Library
Hit Counter
free hit counter